000 00845nam a2200265Ia 4500
003 OSt
005 20220930071822.0
006 a|||||r|||| 00| 0
007 ta
008 220926b |||||||| |||| 00| 0 hin d
024 _a18227
037 _cTheses
040 _aCRL
_cCRL
_bhin
041 _2hin
_ahin
100 _aAggarwal Neena
_9529022
110 _aUniversity of Delhi. Faculty of Arts. Department of Hindi
245 0 _aRam Kumar Verma
_b Kavi aur natak-kaar
260 _c1977
650 _aHINDI LITERATURE
_923866
700 _a Dr Dashrath Ojha Supervisor
_9529023
700 _a Dr Maandhaata Ojha Supervisor
_9529024
700 _aUniversity of Delhi. Faculty of Arts. Department of Hindi
942 _cDIS
_2CC
999 _c862901
_d862901